| 000 | 01156nam0a22002651 4500 | ||
|---|---|---|---|
| 001 | rc\373673 | ||
| 005 | 20030307123823.4 | ||
| 035 | _a(NLR Aleph) 005604904 | ||
| 090 |
_a6351897 _c6351898 |
||
| 100 | _a20030307d1989 u |0rusy50 ca | ||
| 101 | 0 | _arus | |
| 102 | _aRU | ||
| 105 | _ay ||||||||| | ||
| 200 | 1 |
_aЭкономическое мышление учащейся молодежи: опыт и проблемы формирования _eУчеб. пособие _fМ.Л. Малышев, К.Ц. Петросян, Е.Н. Соболева _gВысш. комс. шк. при ЦК ВЛКСМ, Каф. экономики и основ науч. управления нар. хоз-вом, Н.-и. центр |
|
| 210 |
_aМ. _cВКШ _d1989 |
||
| 215 |
_a127, [1] с. _d20 |
||
| 320 | _aБиблиогр.: с. 125-127 | ||
| 700 | 1 |
_aМалышев _bМ. Л. _gМихаил Львович |
|
| 701 | 1 |
_aПетросян _bК. Ц. _gКармлен Цатурович |
|
| 701 | 1 |
_aСоболева _bЕ. Н. _gЕлена Николаевна |
|
| 801 | 0 |
_aRU _bNLR _gpsbo |
|
| 801 | 1 |
_aRU _bELAR _2rusmarc |
|
| 852 |
_aNLR _j89-3/9605 |
||
| 942 | _cBOOK | ||
| 980 | _aNB | ||